Регионална библиотека "Любен Каравелов" - Русе

Наръчник на инженера (Запис номер 485199)

MARC детайли
000 -Лидер
Контролно поле с фиксирана дължина nam a22 a 4500
003 - Код на организацията, давaща контролен номер
Контролно поле BLK
005 - Дата и час на последна редакция
Контролно поле 20221208111746.0
008 - Елементи от данни с фиксирана дължина
fixed length control field 180408b bul|||||r ||||||| ||bul||
010 ## - Наследен системен номер
LC control number KNG00065875000
040 ## - Източник на каталожния запис
Идентификатор на билиотеката - собственик на записа BLK
041 ## - Код за език
Код за езика на текст/звукозапис или на отделно заглавие Български
Код за езика КДБФ Български
080 ## - УДК
Текстов определител УДК Техника. Технически науки
УДК код - определител по УДК 62
УДК определител (035)
УДК - код + определител 62(035)
080 ## - УДК
Текстов определител УДК Механика
УДК код - определител по УДК 531/534
УДК определител (035)
УДК - код + определител 531/534(035)
100 1# - Редна дума - Автор
Автор Кисьов, Иван Дафинов
Авторска отговорност първи автор
R(LIN) 261234
139 ## - Редно поле
Редна дума Кисьов, Иван Дафинов
Авторски знак Кис - К 60
245 10 - Сведения за заглавието
Заглавие Наръчник на инженера
Подзаглавни данни Ч. 1 -
Редно поле (дума) Иван Дафинов Кисьов.
Том Ч. 2
Заглавие на том Механика
250 ## - Област на изданието
Сведения за изданието 4. изд.
257 ## - Страна на издаване
Страна на създаване/издаване България
260 ## - Област на издателските данни
Име на издателя, разпространителя и проч. Техника
Година на издаване 1979 -
Място на издаване, разпространение и проч. София
300 ## - Физическа характеристика
Размери/Мащаб 25 см
380 ## - Жанр
Жанр Техника
650 #4 - Допълнително описание по предмет – тема
Основно описание – тема или топоним Техника
9 (RLIN) 173585
650 #7 - Допълнително описание по предмет – тема
Основно описание – тема или топоним Механика
9 (RLIN) 162097
653 ## - Ключова дума – ненормативна
Ключова дума техника
653 #7 - Ключова дума – ненормативна
Ключова дума механика
9 (RLIN) 190935
760 1# - Описание на основната серия
Редна дума на основното описание Кисьов, Иван Дафинов
Издание 4. изд.
Страници - том 710 с. : с черт., табл..
Забележка - том - 1. изд. 1960. - Азб. показалец
Заглавие Ч. 2 Механика
852 ## - Местоположение
Форматна сигнатура Цб 99960
Фондова буква Хранилище
856 4# - Електронен адрес и достъп
Електронен формат pdf - файл
Инструкция (цена за достъп) 0.00
Права за достъп disable
856 4# - Електронен адрес и достъп
Електронен формат pdf - файл
Инструкция (цена за достъп) 0.00
Права за достъп disable
999 ## - СИСТЕМНИ КОНТРОЛНИ НОМЕРА
Koha biblionumber 485199
Koha biblioitemnumber 485199
942 ## - АРТИКУЛИ
Вид на библиотечния материал Книги
Скрит в OPAC Не
Периодичен библиозапис Да
944 ## - СЪЗДАВАНЕ И РЕДАКЦИЯ на ЗАПИСА
Създаване/Редакция Създаване
Дата на регистрацията/редакция 2022-12-08
999 ## - СИСТЕМНИ КОНТРОЛНИ НОМЕРА
Koha biblioitemnumber 485199
999 ## - СИСТЕМНИ КОНТРОЛНИ НОМЕРА
Koha biblioitemnumber 61671
999 ## - СИСТЕМНИ КОНТРОЛНИ НОМЕРА
Koha biblioitemnumber 61671
Наличности
Код за отписване Код за изгубен артикул Източник на класификационната схема Код за повреда Коз за рестрикции Код за отдаване Артикулен № Име на библиотеката - собственик Име на библиотеката, в която се намира в момента Статус (Текущо местоположение) Дата на вписване в системата Местоположение - отдел Цена в лева Инвентарен номер Систематично азбучна сигнатура Баркод Номер на екземпляра Цена в евро Служебна бележка Служебен тип на артикула
Изтеглен Не е изгубен Universal Decimal Classification Не е повреден без рестрикции заемане за дома 102450 Регионална библиотека "Любен Каравелов" Русе Регионална библиотека "Любен Каравелов" Русе Заемна - подръчен фонд 1979-01-01 Заемна - подръчен фонд 4.00 294490 П 62/К 60 294490 2 2.05 Дост: Pk Вид: Ф N: стар фонд Дата: 01.01.1979 Книги
Изтеглен Не е изгубен Universal Decimal Classification Не е повреден без рестрикции заемане за дома 102451 Регионална библиотека "Любен Каравелов" Русе Регионална библиотека "Любен Каравелов" Русе Заемна - подръчен фонд 1979-01-01 Заемна - подръчен фонд 4.00 294491 П 62/К 60 294491 3 2.05 Дост: Pk Вид: Ф N: стар фонд Дата: 01.01.1979 Книги
Изтеглен Не е изгубен Universal Decimal Classification Не е повреден без рестрикции заемане за дома 102452 Регионална библиотека "Любен Каравелов" Русе Регионална библиотека "Любен Каравелов" Русе Заемна - подръчен фонд 1979-01-01 Заемна - подръчен фонд 4.00 294494 П 62/К 60 294494 4 2.05 Дост: Pk Вид: Ф N: стар фонд Дата: 01.01.1979 Книги
  Не е изгубен Universal Decimal Classification Не е повреден без рестрикции ползва се в читалня 102453 Регионална библиотека "Любен Каравелов" Русе Регионална библиотека "Любен Каравелов" Русе Читалня 1979-01-01 Читалня 4.00 294495 Ч 62/К 60 120000294495 5 2.05 Дост: Pk Вид: Ф N: стар фонд Дата: 01.01.1979 Дата инв: 24.03.2017 Бележки инв: Ч2017 Книги
  Не е изгубен Universal Decimal Classification Не е повреден само за читалня ползва се в читалня 917238 Регионална библиотека "Любен Каравелов" Русе Регионална библиотека "Любен Каравелов" Русе Хранилище 2022-12-08 Хранилище 4.00 292773 Цб 99960 120000292773   2.05   Книги
Vip Innovations Ltd, Rousse, Bulgaria 2025